00782cam a2200241 a 45000010008000000030004000080050017000120080041000290100017000700200015000870400018001020420009001200500025001291000026001542450078001802600044002583000024003025200144003265210007004705260008004776500041004856500014005262089233OSt20140321105728.0950929s1996 nyua j 000 1 eng  a 95042209  a0590329928 aDLCcDLCdDLC alcac00aPZ 7b.Er7323Le 19971 aErnst, Lisa Campbell.14aThe letters are lost! /c[text and illustrations by] Lisa Campbell Ernst. aNew York, N.Y., U.S.A. :bViking,c1996 bcol. ill. ;c27 cm. aLong ago all the letters of the alphabet were together in their box, but one by one they disappeared and now the reader helps to find them. aG1 c200 1aLost and found possessionsxFiction. 1aAlphabet.